000 01122nam a22002531i 4500
003 SA-RiAUC
005 20250609104325.0
008 250609s1985 qa g 000 0 ara c
040 _aJO-AmJU
_bara
_cSA-RiAUC
_erda
082 0 4 _a231
090 _a231
_bم ش ا
100 1 _aالمشاط، حسن بن محمد،
_d1319-1399 هجري
_eمؤلف.
245 1 2 _aالتقريرات السنية في حل ألفاظ المنظومة البيقونية /
_cحسن بن محمد المشاط.
264 1 _aالدوحة :
_bإدارة إحياء التراث الإسلامي،
_c1985
300 _a48 صفحة
336 _aنص
_btxt
_2rdacontent
_3كتاب
337 _aبدون وسيط
_bn
_2rdamedia
338 _aمجلد
_bnc
_2rdacarrier
650 7 _aعلم دراية الحديث
_2aucsh
700 1 2 _aالبيقوني، عمر بن محمد بن فتوح،
_dتوفي حوالي 1080 هجري.
_tالمنظومة البيقونية في مصطلح الحديث.
740 2 2 _aالمنظومة البيقونية في مصطلح الحديث.
942 _2ddc
_cBOOK
949 _aSA-JeALM
_d250609
_ukhaled123
_n1
999 _c8756
_d8756